000 01284cam a22003014a 4500
003 OSt
005 20260205124050.0
008 040715s2004 inu b 101 0 eng
020 _a0268037191
_qcloth : alk. paper
020 _a0268037205
_qpbk. : alk. paper
020 _a9780268037208
_q(pbk. : alk. paper)
040 _aKABLIB
_cKABLIB
_beng
_erda
082 0 0 _a321.8
_223
_bQUA
245 0 4 _aThe quality of democracy :
_btheory and applications /
_cedited by Guillermo O'Donnell, Jorge Vargas Cullell, and Osvaldo M. Iazzetta.
260 _aNotre Dame, Ind. :
_bUniversity of Notre Dame Press,
_c2004.
300 _axiv, 274 p. ;
_c24 cm.
504 _aIncludes bibliographical references and index.
610 _2Democracy
650 0 _aDemocracy
_zLatin America
_vCongresses.
_915271
650 0 _aHuman rights
_zLatin America
_vCongresses.
_915272
650 0 _aPolitical participation
_zLatin America
_vCongresses.
_915273
651 0 _aLatin America
_xEconomic conditions
_y1982-
_vCongresses.
_915274
655 7 _aConference papers and proceedings.
_2lcgft
_0https://id.loc.gov/authorities/genreForms/gf2014026068
_915275
700 1 _aO'Donnell, Guillermo A.
_915169
700 1 _aVargas Cullel, Jorge.
_915276
700 1 _aIazzetta, Osvaldo Miguel.
_915277
942 _2ddc
_cBOOK
999 _c6038
_d6038